| 000 | 00427nam a2200169Ia 4500 | ||
|---|---|---|---|
| 003 | IN-BaIIA | ||
| 008 | 211028s9999 xx 000 0 eng d | ||
| 040 | _cIIA Library | ||
| 080 |
_a681.11 _bDEC |
||
| 100 |
_aDe Carle, Donald _92902 |
||
| 245 | 0 |
_aPractical clock repairing _cDonald De Carle |
|
| 260 |
_aLondon _bN A G Press _c1952 |
||
| 300 | _axxxii, 239p. | ||
| 650 | _aHorology | ||
| 650 | _aNASA thesaurus | ||
| 942 | _cBK | ||
| 999 |
_c1419 _d1419 |
||